| 000 | 00630nam a2200133Ia 4500 | ||
|---|---|---|---|
| 001 | 20193 | ||
| 003 | GE_BSU | ||
| 008 | 181216s||||||||xx |||||||||||||| ||und|| | ||
| 040 | _cGE_BSU | ||
| 245 | _aსაქართველოს სამოქალაქო კოდექსი. 2013 | ||
| 245 | _bანბანურ-საგნობრივი საძიებლით:ცვლილებებითა და დამატებებით 2013 წლის 15 აპრილამდე. | ||
| 653 | _aსაქართველოს სამოქალაქო კოდექსი. 2013 | ||
| 942 | _cBK | ||
| 999 |
_c53154 _d53154 |
||